| 000 | 00796nam a2200241Ia 4500 | ||
|---|---|---|---|
| 001 | 10805 | ||
| 003 | GE_BSU | ||
| 008 | 181216s||||||||xx |||||||||||||| ||und|| | ||
| 020 | _a9994039474 | ||
| 040 | _cGE_BSU | ||
| 080 | _a821.353.1-1 | ||
| 100 | _aფოცხიშვილი,მორის. | ||
| 245 | _aასი ლექსი. | ||
| 245 | _cშემდგ:ბასა.ფოცხიშვილი; საგამომც.პროექტის ავტ.კახმეგ კუდავა. | ||
| 260 | _aთბილისი. | ||
| 260 | _bინტელექტი. | ||
| 260 | _c2006. | ||
| 300 | _a118გვ;20სმ. | ||
| 300 | _eფოტო გარეკანზე. | ||
| 541 | _h5ლ.70თ. | ||
| 653 | _aასი ლექსი. | ||
| 942 | _cBK | ||
| 999 |
_c44053 _d44053 |
||